000 01283 a2200253 4500
003 Nust
005 20221202110918.0
010 _a 2005279324
020 _a0750659149 (pbk.)
040 _cNust
082 _a621.38153,CLA
100 1 _aClayton, G. B.
_9103988
245 1 0 _aOperational amplifiers /
_cGeorge Clayton and Steve Winder.
250 _a5th ed.
260 _aOxford ;
_aBoston
_bNewnes,
_c2003.
300 _a386 p. :
_bill. ;
_c25 cm.
505 _aFundamentals (Page-1), Real op-amp performance parameters (Page-11), Analogue integrated circuit technology (Page-64), Applications: linear circuits (Page-82), Logarithmic amplifiers and related circuits (Page-109), Integrators and differentiators (Page-146), Comparator, monostable and oscillator circuits (Page-171), Sensor interface, analogue processing and digital conversion (Page-199), Active filters (Page-230), Practical considerations (Page-267).
650 0 _aElectronic measurements.
_941546
650 0 _aOperational amplifiers.
_956206
700 1 _aWinder, Steve.
_963743
856 4 2 _3Publisher description
_uhttp://www.loc.gov/catdir/enhancements/fy0626/2005279324-d.html
856 4 2 _3Table of contents only
_uhttp://www.loc.gov/catdir/enhancements/fy0626/2005279324-t.html
942 _2ddc
_cBK
999 _c178689
_d178689